000 nam a22 7a 4500
999 _c10302
_d10302
008 180213b ||||| |||| 00| 0 eng d
100 _aKhanna, A
_96266
245 _aGrammer and composition -VII
260 _aNew Delhi
_bAmanda Publication
_c2013